Industrial relations and human resourses in india / (Record no. 124577)
[ view plain ]
| 000 -LEADER | |
|---|---|
| fixed length control field | 00869nam a22002537a 4500 |
| 005 - DATE AND TIME OF LATEST TRANSACTION | |
| control field | 20170124105941.0 |
| 010 ## - LIBRARY OF CONGRESS CONTROL NUMBER | |
| LC control number | A-813420 |
| 020 ## - INTERNATIONAL STANDARD BOOK NUMBER | |
| Terms of availability | 00.00 |
| International Standard Book Number | 8170188865 |
| 035 ## - SYSTEM CONTROL NUMBER | |
| System control number | A-813420 |
| 037 ## - SOURCE OF ACQUISITION | |
| Source of stock number/acquisition | Cen Lib/Ret |
| 040 ## - CATALOGING SOURCE | |
| Original cataloging agency | DPL |
| Language of cataloging | EN |
| 082 ## - DEWEY DECIMAL CLASSIFICATION NUMBER | |
| Classification number | 331.0954 |
| Item number | SOD |
| 100 ## - MAIN ENTRY--PERSONAL NAME | |
| Personal name | Sodhi, J. S |
| 9 (RLIN) | 11219 |
| 245 ## - TITLE STATEMENT | |
| Title | Industrial relations and human resourses in india / |
| Statement of responsibility, etc | by J. S. Sodhi |
| 260 ## - PUBLICATION, DISTRIBUTION, ETC. (IMPRINT) | |
| Place of publication, distribution, etc | Delhi |
| Name of publisher, distributor, etc | B. R. Publishing Corporation |
| Date of publication, distribution, etc | 1996 |
| 270 ## - ADDRESS | |
| City | Delhi |
| Address | A-6, NMRI Community Centre |
| Postal code | 110052 |
| 300 ## - PHYSICAL DESCRIPTION | |
| Extent | 111p. |
| Dimensions | 21cm(Hb) |
| 500 ## - GENERAL NOTE | |
| General note | Includes bibliographic references and index |
| 650 ## - SUBJECT ADDED ENTRY--TOPICAL TERM | |
| Topical term or geographic name as entry element | Industrial policies |
| 9 (RLIN) | 11220 |
| 650 ## - SUBJECT ADDED ENTRY--TOPICAL TERM | |
| Topical term or geographic name as entry element | Human resources |
| 9 (RLIN) | 11221 |
| 650 ## - SUBJECT ADDED ENTRY--TOPICAL TERM | |
| Topical term or geographic name as entry element | यात्रा और पर्यटन |
| 9 (RLIN) | 11222 |
| 650 ## - SUBJECT ADDED ENTRY--TOPICAL TERM | |
| Topical term or geographic name as entry element | विकासशील देश-पर्यटन |
| 9 (RLIN) | 3126 |
| 942 ## - ADDED ENTRY ELEMENTS (KOHA) | |
| Source of classification or shelving scheme | Dewey Decimal Classification |
| Koha item type | English Books |
| Classification part | 331.0954 |
| Call number suffix | SOD |
| Withdrawn status | Lost status | Damaged status | Not for loan | Collection code | Home library | Current library | Date acquired | Source of acquisition | Cost, normal purchase price | Total Checkouts | Full call number | Barcode | Date last seen | Copy number | Cost, replacement price | Price effective from | Koha item type |
|---|---|---|---|---|---|---|---|---|---|---|---|---|---|---|---|---|---|
| Not For Loan | Reference | Central Library | Central Library | 17/06/2015 | Cen Lib/Ret | 0.00 | 331.0954 SOD | A-813420 | 17/06/2015 | 1 | 0.00 | 17/06/2015 | English Books |
